Carregant...
Cambers dictionary of psychiatry /
| Autor principal: | |
|---|---|
| Altres autors: | |
| Idioma: | Undetermined |
| Publicat: |
1967.
|
| LEADER | 00419nam a2200133Ia 4500 | ||
|---|---|---|---|
| 001 | 27695 | ||
| 008 | 170722s9999 xx 000 0 und d | ||
| 100 | |a Brussel, James A. And | ||
| 245 | |a Cambers dictionary of psychiatry / | ||
| 260 | |c 1967. | ||
| 700 | |a Cantzlaar, George La Fond | ||
| 942 | |c GEN | ||
| 999 | |c 77287 |d 77287 | ||
| 952 | |0 0 |1 0 |4 0 |6 L_74K_K7_R |7 0 |9 108999 |a LIB |b LIB |d 2017-08-12 |o L7:4K K7 (R) |p 130813 |r 2017-08-12 |w 2017-08-12 |y GEN | ||